| 000 | 00537nam a2200181Ia 4500 | ||
|---|---|---|---|
| 005 | 20250923144459.0 | ||
| 008 | 008 250917s9999 xx 000 0 eng d | ||
| 037 | _aTextual | ||
| 040 |
_aDSWL _beng _cDSWL |
||
| 041 |
_aeng _2eng |
||
| 084 | _qDSWL | ||
| 100 |
_aPaul, Dharam _9825321 |
||
| 245 | 0 |
_aSocio economic survey of 80 displaced of a milies of subordinates of the Punjab govt stationed at Simla hill _cby Dharam Paul |
|
| 260 | _c1953 | ||
| 300 | _avi,120p. | ||
| 942 | _cTEXL | ||
| 999 |
_c1439425 _d1439425 |
||